[Event "SUI-chT"]
[Site "Switzerland"]
[Date "2025.03.16"]
[Round "1.6"]
[White "Silberring, Pawel"]
[Black "Rasch, Holger"]
[Result "1/2-1/2"]
[WhiteElo "2192"]
[BlackElo "2247"]
[PlyCount "106"]
[EventDate "2025.03.16"]
[EventType "team-tourn"]
[EventRounds "9"]
[EventCountry "SUI"]
[SourceTitle "CB14_2025"]
[SourceDate "2024.11.01"]
[SourceVersion "1"]
[SourceVersionDate "2024.11.01"]
[SourceQuality "1"]
[WhiteTeam "Zuerich"]
[BlackTeam "Nyon"]
[WhiteTeamCountry "SUI"]
[BlackTeamCountry "SUI"]

1. d4 c5 2. d5 Nf6 3. c4 e6 4. Nc3 exd5 5. cxd5 d6 6. Nf3 g6 7. Nd2 Bg7 8. e4 0-0 9. Be2 Re8 10. 0-0 Na6 11. f4 Nc7 12. a4 b6 13. Bf3 Ba6 14. Re1 Rb8 15. Nf1 Nd7 16. Be3 c4 17. Bd4 Bxd4+ 18. Qxd4 Nc5 19. g3 Nb3 20. Qf2 Nxa1 21. Rxa1 Qf6 22. Qd2 Rbd8 23. Ne3 Qg7 24. Be2 Bc8 25. Nxc4 f5 26. e5 dxe5 27. fxe5 Rxe5 28. Nxe5 Qxe5 29. Re1 Qd6 30. Qf4 Qxf4 31. gxf4 Kf8 32. Bc4 Ne8 33. Kf2 Nd6 34. b3 Bd7 35. Nb5 Bxb5 36. axb5 Re8 37. Re5 Nf7 38. Rxe8+ Kxe8 39. Ke3 Ke7 40. Kd4 Kd6 41. Be2 Nh6 42. h3 Ng8 43. Bf3 Nf6 44. b4 Ne8 45. Kc4 Nc7 46. Bg2 Ne8 47. Bf3 Nf6 48. Kd4 Ng8 49. Bg2 Nh6 50. Bf3 Nf7 51. Bg2 Nh6 52. Bf3 Ng8 53. Bg2 Nf6 1/2-1/2

[Event "Titled Tuesday intern op 20th Aug Early"]
[Site "Chess.com INT"]
[Date "2024.08.20"]
[Round "11"]
[White "Ghosh, Chanchal Kumer"]
[Black "Rasch, Holger"]
[Result "1-0"]
[WhiteElo "2025"]
[BlackElo "2253"]
[PlyCount "53"]
[EventDate "2024.08.20"]
[EventType "swiss (blitz)"]
[EventRounds "11"]
[EventCountry "USA"]
[SourceTitle "EXT 2025"]
[Source "ChessBase"]
[SourceDate "2024.10.14"]
[SourceVersion "1"]
[SourceVersionDate "2024.10.14"]
[SourceQuality "1"]

1. e4 c5 2. Nf3 e6 3. d4 cxd4 4. Nxd4 Nc6 5. Nc3 Qc7 6. Be3 a6 7. Bd3 Nf6 8. 0-0 Ne5 9. h3 h5 10. f4 Nc4 11. Bxc4 Qxc4 12. Qf3 Bc5 13. Rad1 h4 14. Rd3 Be7 15. e5 Nh5 16. Rfd1 g6 17. Ne4 Rb8 18. b3 Qc7 19. c4 b6 20. Qg4 Bb7 21. Ng5 Ng3 22. Bf2 Ne4 23. Nxe4 Bxe4 24. R3d2 Ba8 25. Nf3 Kf8 26. Ng5 Kg7 27. Rxd7 1-0

[Event "Titled Tuesday intern op 20th Aug Early"]
[Site "Chess.com INT"]
[Date "2024.08.20"]
[Round "5"]
[White "Hirneise, Jens"]
[Black "Rasch, Holger"]
[Result "1-0"]
[WhiteElo "2299"]
[BlackElo "2253"]
[PlyCount "101"]
[EventDate "2024.08.20"]
[EventType "swiss (blitz)"]
[EventRounds "11"]
[EventCountry "USA"]
[SourceTitle "EXT 2025"]
[Source "ChessBase"]
[SourceDate "2024.10.14"]
[SourceVersion "1"]
[SourceVersionDate "2024.10.14"]
[SourceQuality "1"]

1. Nc3 c5 2. Nf3 e6 3. d4 cxd4 4. Qxd4 Nc6 5. Qd2 d5 6. e3 Nf6 7. Bd3 Be7 8. 0-0 a6 9. e4 dxe4 10. Nxe4 Nxe4 11. Bxe4 Qxd2 12. Bxc6+ Qd7 13. Bxd7+ Bxd7 14. Ne5 Bc8 15. Bf4 b5 16. a4 f6 17. Nc6 e5 18. Be3 bxa4 19. Nxe7 Kxe7 20. Rxa4 Bd7 21. Ra5 Bb5 22. Rfa1 Rac8 23. c3 Rhd8 24. h4 Rd3 25. g3 Ke6 26. Re1 Rcd8 27. Raa1 Kf5 28. Rec1 Rc8 29. Kg2 Bc6+ 30. Kh3 Bb5 31. Rd1 Rcd8 32. Rxd3 Rxd3 33. Rc1 Bc6 34. c4 h5 35. c5 Ke4 36. Ra1 Kf3 37. Kh2 Bb7 38. Rg1 f5 39. Rc1 Bc6 40. Kg1 f4 41. gxf4 exf4 42. Bxf4 Kxf4 43. Rc4+ Kf5 44. Kh2 Rd1 45. Kg3 Rd3+ 46. Kh2 Rd5 47. Rc3 Re5 48. Kg3 Re4 49. Rd3 Rg4+ 50. Kh3 Rf4 51. Rd4 1-0

[Event "Titled Tuesday intern op 20th Aug Early"]
[Site "Chess.com INT"]
[Date "2024.08.20"]
[Round "2"]
[White "Matyassy, Lazar"]
[Black "Rasch, Holger"]
[Result "1-0"]
[WhiteElo "2225"]
[BlackElo "2253"]
[PlyCount "61"]
[EventDate "2024.08.20"]
[EventType "swiss (blitz)"]
[EventRounds "11"]
[EventCountry "USA"]
[SourceTitle "EXT 2025"]
[Source "ChessBase"]
[SourceDate "2024.10.14"]
[SourceVersion "1"]
[SourceVersionDate "2024.10.14"]
[SourceQuality "1"]

1. e4 c5 2. Nc3 e6 3. f4 a6 4. Nf3 b5 5. g3 Bb7 6. d3 d5 7. Bg2 b4 8. Na4 dxe4 9. dxe4 Qxd1+ 10. Kxd1 Bxe4 11. Be3 Nd7 12. Ke2 Ngf6 13. Rac1 Be7 14. Rhd1 Nd5 15. Bg1 h6 16. c4 N5f6 17. Kf1 g5 18. fxg5 hxg5 19. Nxg5 Bxg2+ 20. Kxg2 Ng4 21. Nxf7 Kxf7 22. Rxd7 Rhd8 23. Rcd1 Rxd7 24. Rxd7 Ne5 25. Rc7 Kf6 26. Nxc5 Rd8 27. Ne4+ Kf7 28. Bc5 Nd7 29. Bxe7 Kxe7 30. Nc5 Kd6 31. Rxd7+ 1-0

[Event "Titled Tuesday intern op 20th Aug Early"]
[Site "Chess.com INT"]
[Date "2024.08.20"]
[Round "10"]
[White "Rasch, Holger"]
[Black "Polanco Fernandez, Sahiean"]
[Result "1-0"]
[WhiteElo "2253"]
[BlackElo "1835"]
[PlyCount "21"]
[EventDate "2024.08.20"]
[EventType "swiss (blitz)"]
[EventRounds "11"]
[EventCountry "USA"]
[SourceTitle "EXT 2025"]
[Source "ChessBase"]
[SourceDate "2024.10.14"]
[SourceVersion "1"]
[SourceVersionDate "2024.10.14"]
[SourceQuality "1"]

1. e4 c5 2. c3 d5 3. exd5 Qxd5 4. d4 Nf6 5. Nf3 Bg4 6. Nbd2 Nc6 7. Bc4 Qd7 8. Qb3 e6 9. Ne5 Nxe5 10. dxe5 Nd5 11. Bb5 1-0

[Event "Titled Tuesday intern op 20th Aug Early"]
[Site "Chess.com INT"]
[Date "2024.08.20"]
[Round "3"]
[White "Wisniacki, Flavio"]
[Black "Rasch, Holger"]
[Result "1-0"]
[WhiteElo "2264"]
[BlackElo "2253"]
[PlyCount "77"]
[EventDate "2024.08.20"]
[EventType "swiss (blitz)"]
[EventRounds "11"]
[EventCountry "USA"]
[SourceTitle "EXT 2025"]
[Source "ChessBase"]
[SourceDate "2024.10.14"]
[SourceVersion "1"]
[SourceVersionDate "2024.10.14"]
[SourceQuality "1"]

1. Nf3 c5 2. c4 b6 3. d4 cxd4 4. Nxd4 Bb7 5. Nc3 e6 6. f3 Nf6 7. e4 d6 8. Be3 Nbd7 9. Be2 a6 10. 0-0 Be7 11. Qd2 0-0 12. Rac1 Rc8 13. Rfd1 Qc7 14. Bf1 Rfe8 15. Qf2 Qb8 16. g4 h6 17. h4 Bf8 18. g5 hxg5 19. hxg5 Nh5 20. Qh4 g6 21. b3 d5 22. cxd5 exd5 23. Bh3 Rcd8 24. Bg4 dxe4 25. Bxh5 gxh5 26. Qxh5 Qg3+ 27. Kf1 exf3 28. Rd2 Rxe3 29. Rh2 Bg7 30. Nf5 Qe5 31. g6 Rxc3 32. gxf7+ Kf8 33. Rxc3 Qxc3 34. Qg6 Qc1+ 35. Kf2 Qc2+ 36. Kg3 Qc7+ 37. Kh3 Qe5 38. Rd2 f2 39. Rxf2 1-0

[Event "Titled Tuesday intern op 02nd Apr Early"]
[Site "Chess.com INT"]
[Date "2024.04.02"]
[Round "6"]
[White "Osiecki, Stanislaw"]
[Black "Rasch, Holger"]
[Result "1-0"]
[WhiteElo "1959"]
[BlackElo "2261"]
[PlyCount "61"]
[EventDate "2024.04.02"]
[EventType "swiss (blitz)"]
[EventRounds "11"]
[EventCountry "USA"]
[SourceTitle "CBM 219 Extra"]
[Source "ChessBase"]
[SourceDate "2024.05.31"]
[SourceVersion "1"]
[SourceVersionDate "2024.05.31"]
[SourceQuality "1"]

1. e4 c5 2. c3 Nf6 3. e5 Nd5 4. d4 cxd4 5. Nf3 e6 6. cxd4 d6 7. a3 Nc6 8. Bd3 Qc7 9. 0-0 Bd7 10. Qe2 h6 11. Bd2 Rc8 12. Nc3 Nxc3 13. Bxc3 d5 14. Rac1 Be7 15. b4 a6 16. a4 Qb8 17. b5 axb5 18. axb5 Na7 19. Nd2 0-0 20. f4 g6 21. g4 Kh7 22. f5 gxf5 23. gxf5 Rg8+ 24. Kh1 exf5 25. Bxf5+ Bxf5 26. Rxf5 Rg7 27. Qd3 Kh8 28. Qh3 Bg5 29. Rg1 Kg8 30. Bb4 Qc7 31. Nf3 1-0

[Event "Titled Tuesday intern op 02nd Apr Early"]
[Site "Chess.com INT"]
[Date "2024.04.02"]
[Round "11"]
[White "Rasch, Holger"]
[Black "Ljukin, Sergei"]
[Result "1-0"]
[WhiteElo "2261"]
[BlackElo "2362"]
[PlyCount "79"]
[EventDate "2024.04.02"]
[EventType "swiss (blitz)"]
[EventRounds "11"]
[EventCountry "USA"]
[SourceTitle "CBM 219 Extra"]
[Source "ChessBase"]
[SourceDate "2024.05.31"]
[SourceVersion "1"]
[SourceVersionDate "2024.05.31"]
[SourceQuality "1"]

1. e4 e6 2. d4 d5 3. e5 c5 4. c3 Nc6 5. Nf3 Qb6 6. a3 c4 7. Nbd2 Na5 8. Be2 Bd7 9. 0-0 Be7 10. h4 h6 11. Re1 g5 12. h5 0-0-0 13. Nh2 f5 14. exf6 Nxf6 15. Ng4 Nxh5 16. Ne5 Nf4 17. Nf7 Rdf8 18. Nxh8 Rxh8 19. Nf3 Nb3 20. Rb1 Nxc1 21. Qxc1 Bd6 22. Qe3 Qc7 23. Bf1 Ng6 24. g3 g4 25. Ne5 Nxe5 26. dxe5 Bc5 27. Qd2 h5 28. Bg2 h4 29. gxh4 Rxh4 30. Qg5 Rh8 31. Qxg4 Qd8 32. Rbd1 Rg8 33. Qh3 Qe8 34. Rd2 Qg6 35. Kf1 Be8 36. Rxd5 Be7 37. Rd2 Qf7 38. Qf3 Bc6 39. Qxf7 Bxg2+ 40. Ke2 1-0

[Event "Titled Tuesday intern op 02nd Apr Early"]
[Site "Chess.com INT"]
[Date "2024.04.02"]
[Round "3"]
[White "Rasch, Holger"]
[Black "Vlassov, Nikolai"]
[Result "0-1"]
[WhiteElo "2261"]
[BlackElo "2299"]
[PlyCount "110"]
[EventDate "2024.04.02"]
[EventType "swiss (blitz)"]
[EventRounds "11"]
[EventCountry "USA"]
[SourceTitle "CBM 219 Extra"]
[Source "ChessBase"]
[SourceDate "2024.05.31"]
[SourceVersion "1"]
[SourceVersionDate "2024.05.31"]
[SourceQuality "1"]

1. e4 Nc6 2. Nc3 Nf6 3. Nf3 d5 4. exd5 Nxd5 5. d3 Bg4 6. Be2 e6 7. h3 Bh5 8. Bd2 Be7 9. a3 0-0 10. 0-0 Bxf3 11. Bxf3 Nd4 12. Nxd5 exd5 13. Bc3 Bf6 14. Bxd4 Bxd4 15. c3 Bb6 16. d4 c6 17. Qd3 Bc7 18. g3 g6 19. Rae1 h5 20. h4 Qf6 21. Bd1 Rae8 22. Kg2 Re6 23. Rxe6 Qxe6 24. Bf3 Re8 25. Rd1 Kg7 26. Rd2 Qe1 27. Re2 Rxe2 28. Qxe2 Qxe2 29. Bxe2 Kh6 30. f3 g5 31. hxg5+ Kxg5 32. f4+ Kg6 33. Kf3 Bd8 34. Bd3+ f5 35. Bc2 Kf6 36. Bd3 Ke6 37. Be2 h4 38. gxh4 Bxh4 39. Bd3 Be1 40. Ke2 Bg3 41. Kf3 Bh2 42. b3 Bg1 43. Ke2 Kf6 44. Kf3 b6 45. a4 c5 46. dxc5 bxc5 47. Ba6 Bh2 48. b4 d4 49. cxd4 cxb4 50. Bc4 Bg1 51. d5 Ke7 52. Kg2 Bd4 53. Kf3 Kd6 54. Bb3 Kc5 55. Ke2 Bb2 0-1

[Event "SUI-chT"]
[Site "Switzerland"]
[Date "2023.08.26"]
[Round "6.5"]
[White "Rasch, Holger"]
[Black "Breder, Dennis"]
[Result "0-1"]
[WhiteElo "2246"]
[BlackElo "2409"]
[PlyCount "122"]
[EventDate "2023.04.16"]
[EventType "team-tourn"]
[EventRounds "9"]
[EventCountry "SUI"]
[SourceTitle "EXT 2024"]
[Source "ChessBase"]
[SourceDate "2023.10.10"]
[SourceVersion "1"]
[SourceVersionDate "2023.10.10"]
[SourceQuality "1"]
[WhiteTeam "Nyon"]
[BlackTeam "Riehen"]
[WhiteTeamCountry "SUI"]
[BlackTeamCountry "SUI"]

1. e4 c5 2. c3 d5 3. exd5 Qxd5 4. d4 Nc6 5. Nf3 Nf6 6. Be2 cxd4 7. cxd4 e6 8. Nc3 Qd6 9. 0-0 Be7 10. Nb5 Qd8 11. Bf4 0-0 12. Rc1 a6 13. Nc3 b6 14. Bd3 Bb7 15. Bb1 Rc8 16. Bg5 Re8 17. Re1 h6 18. Bh4 b5 19. a3 b4 20. axb4 Nxb4 21. Ne5 Qb6 22. Qd2 Rcd8 23. Rcd1 Nc6 24. Nxc6 Qxc6 25. Ne4 Nxe4 26. Bxe4 Qb6 27. Bxb7 Qxb7 28. Bxe7 Rxe7 29. Re3 Red7 30. Rd3 Rd5 31. b3 e5 32. Qe3 Rxd4 33. Rxd4 exd4 34. Qd3 Qd5 35. h3 a5 36. Rc1 g6 37. Rc4 Qe5 38. Rc1 h5 39. Rd1 h4 40. Ra1 Rd6 41. Rd1 Kg7 42. Ra1 Rb6 43. Rd1 Rb4 44. Qc2 Rb5 45. Qd3 Rd5 46. Qf3 Rd6 47. Qd3 Kf6 48. Ra1 Rd5 49. Rd1 Qf5 50. Qc4 Qe4 51. Rd3 Qe1+ 52. Kh2 Qe5+ 53. f4 Qxf4+ 54. Kg1 Qd6 55. Rf3+ Kg7 56. Rd3 Qe5 57. Kf1 Rd6 58. Kg1 Rd7 59. Kf1 Qd5 60. Qc2 Re7 61. Qf2 Re4 0-1

[Event "SUI-chT"]
[Site "Switzerland"]
[Date "2023.06.25"]
[Round "5.3"]
[White "Hasenohr, Benedict"]
[Black "Rasch, Holger"]
[Result "0-1"]
[WhiteElo "2309"]
[BlackElo "2241"]
[PlyCount "158"]
[EventDate "2023.04.16"]
[EventType "team-tourn"]
[EventRounds "9"]
[EventCountry "SUI"]
[SourceTitle "EXT 2024"]
[Source "ChessBase"]
[SourceDate "2023.10.10"]
[SourceVersion "1"]
[SourceVersionDate "2023.10.10"]
[SourceQuality "1"]
[WhiteTeam "Winterthur"]
[BlackTeam "Nyon"]
[WhiteTeamCountry "SUI"]
[BlackTeamCountry "SUI"]

1. d4 c5 2. c3 e6 3. e4 d5 4. e5 Nc6 5. Nf3 Bd7 6. Bd3 Qb6 7. dxc5 Bxc5 8. b4 Bxf2+ 9. Ke2 Nxb4 10. cxb4 Bd4 11. Nxd4 Qxd4 12. Qb3 Qxe5+ 13. Kd1 Nf6 14. Nc3 Rc8 15. Bb2 Ng4 16. Ne4 Qf4 17. Nc5 Rxc5 18. bxc5 Nf2+ 19. Ke2 Nxh1 20. Rxh1 Qg4+ 21. Kf2 Qf4+ 22. Ke1 Qe3+ 23. Kd1 Qxc5 24. Ba3 Qd4 25. Kc2 Qa4 26. Rc1 Bc6 27. Qxa4 Bxa4+ 28. Kc3 Kd7 29. Kb4 Bc6 30. Bb2 f6 31. a4 e5 32. Bf5+ Kd6 33. Ba3 Re8 34. a5 g6 35. Kb3+ Kc7 36. Bd3 Re6 37. Bb2 f5 38. g3 Kd7 39. Re1 Kd6 40. Ba3+ Kd7 41. Bc5 b6 42. axb6 axb6 43. Bg1 Re8 44. Kb4 Kd6 45. Rc1 Rc8 46. Ra1 d4 47. Ra7 Ra8 48. Rxh7 Ra1 49. Rh6 Rxg1 50. Rxg6+ Kc7 51. Rg7+ Kd6 52. Rg6+ Kc7 53. Bxf5 e4 54. h4 d3 55. Kc3 Rc1+ 56. Kd2 Rc2+ 57. Ke1 Rh2 58. Rxc6+ Kxc6 59. Bxe4+ Kc5 60. Bxd3 Kd4 61. Bg6 Ke3 62. Kd1 Kf3 63. h5 Kxg3 64. Be8 Kf3 65. Kc1 Ke3 66. Kd1 Kd3 67. Bg6+ Kc3 68. Ke1 b5 69. Kf1 b4 70. Kg1 Rd2 71. Be4 b3 72. h6 b2 73. h7 Rd8 74. Kf2 Kd4 75. Bb1 Ke5 76. Ke3 Kf6 77. Ke2 Kg7 78. Bf5 Rb8 79. Bb1 Rc8 0-1

[Event "SUI-chT"]
[Site "Switzerland"]
[Date "2019.09.07"]
[Round "6.4"]
[White "Schwaegli, Bruno"]
[Black "Rasch, Holger"]
[Result "1/2-1/2"]
[WhiteElo "2254"]
[BlackElo "2262"]
[PlyCount "80"]
[EventDate "2019.03.10"]
[EventType "team-tourn"]
[EventRounds "9"]
[EventCountry "SUI"]
[SourceTitle "EXT 2020"]
[Source "ChessBase"]
[SourceDate "2019.10.17"]
[SourceVersion "1"]
[SourceVersionDate "2019.10.17"]
[SourceQuality "1"]
[WhiteTeam "Solothurn"]
[BlackTeam "Nyon"]
[WhiteTeamCountry "SUI"]
[BlackTeamCountry "SUI"]

1. e4 c5 2. Nf3 e6 3. d3 Nc6 4. g3 Nf6 5. Bg2 d5 6. Nbd2 Be7 7. 0-0 0-0 8. Re1 b5 9. exd5 Nxd5 10. a4 b4 11. Nc4 a5 12. Qe2 Bb7 13. Be3 Rc8 14. Nfd2 Nxe3 15. Qxe3 Ba6 16. Rac1 Bg5 17. f4 Bf6 18. Kh1 Nd4 19. Ne5 Qc7 20. Ndc4 Rfd8 21. Qf2 g6 22. Be4 Bg7 23. Bg2 Nf5 24. Rcd1 Nd6 25. Nc6 Nxc4 26. dxc4 Rxd1 27. Rxd1 Bb7 28. Ne5 Bxe5 29. fxe5 Bxg2+ 30. Kxg2 Qxe5 31. Rd7 Rf8 32. b3 h5 33. h4 Kg7 34. Qf4 Qe2+ 35. Qf2 Qe4+ 36. Kh2 Qc6 37. Ra7 Qb6 38. Rd7 Qc6 39. Ra7 Qb6 40. Rd7 Qc6 1/2-1/2

[Event "SUI-chT"]
[Site "Switzerland"]
[Date "2019.05.04"]
[Round "3.3"]
[White "Rasch, Holger"]
[Black "Ragger, Markus"]
[Result "0-1"]
[WhiteElo "2262"]
[BlackElo "2696"]
[PlyCount "112"]
[EventDate "2019.03.10"]
[EventType "team-tourn"]
[EventRounds "9"]
[EventCountry "SUI"]
[SourceTitle "CBM 190 Extra"]
[Source "ChessBase"]
[SourceDate "2019.07.15"]
[SourceVersion "1"]
[SourceVersionDate "2019.07.15"]
[SourceQuality "1"]
[WhiteTeam "Nyon"]
[BlackTeam "Riehen"]
[WhiteTeamCountry "SUI"]
[BlackTeamCountry "SUI"]

1. e4 e5 2. Nf3 Nc6 3. Nc3 Nf6 4. Bb5 Bc5 5. 0-0 0-0 6. Nxe5 Nxe5 7. d4 Bd6 8. dxe5 Bxe5 9. Bd3 Re8 10. Re1 c6 11. Bd2 d6 12. h3 Nd7 13. f4 Bd4+ 14. Kh2 Nc5 15. Qf3 b5 16. Rab1 Be6 17. a3 a5 18. Ne2 Bf6 19. c3 Ba2 20. Ra1 Nxd3 21. Qxd3 Bc4 22. Qf3 c5 23. Ng3 g6 24. Rab1 Bb3 25. Re3 Bg7 26. Rbe1 Bc4 27. Rb1 a4 28. Ree1 Ra7 29. Rbd1 Bb3 30. Rc1 Rae7 31. Re3 Qa8 32. Rce1 Bc2 33. Kh1 Bf6 34. Bc1 Qc6 35. Qe2 Bb3 36. Qg4 Kh8 37. Kh2 Bg7 38. Qf3 Qb7 39. Qg4 b4 40. cxb4 cxb4 41. Bd2 bxa3 42. bxa3 d5 43. exd5 Rxe3 44. Rxe3 Rxe3 45. Bxe3 Bxd5 46. Qe2 h5 47. Qf2 Kh7 48. f5 Qb2 49. fxg6+ fxg6 50. Kg1 Qxa3 51. Nxh5 Qa1+ 52. Kh2 Qe5+ 53. Nf4 a3 54. Qh4+ Bh6 55. Qg3 Bf7 56. Bc1 a2 0-1

[Event "Biel MTO op 46th"]
[Site "Biel"]
[Date "2013.07.31"]
[Round "9"]
[White "Meins, Gerlef"]
[Black "Rasch, Holger"]
[Result "1-0"]
[WhiteElo "2474"]
[BlackElo "2220"]
[PlyCount "40"]
[EventDate "2013.07.22"]
[EventType "swiss"]
[EventRounds "11"]
[EventCountry "SUI"]
[SourceTitle "CBM 155 Extra"]
[Source "ChessBase"]
[SourceDate "2013.08.26"]
[SourceVersion "1"]
[SourceVersionDate "2013.08.26"]
[SourceQuality "1"]

1. d4 Nf6 2. c4 c5 3. d5 e6 4. Nc3 exd5 5. cxd5 d6 6. Nf3 g6 7. Bf4 Bg7 8. Qa4+ Bd7 9. Qb3 Qc7 10. e4 0-0 11. Be2 Nh5 12. Be3 Na6 13. Nd2 Rab8 14. 0-0 Rfe8 15. a3 Nf6 16. Rfe1 b5 17. Nxb5 Qd8 18. Qa4 Nc7 19. Qxa7 Nxb5 20. Bxb5 Bxb5 1-0

[Event "EU-ch 12th"]
[Site "Aix les Bains"]
[Date "2011.03.31"]
[Round "9"]
[White "Delorme, Axel"]
[Black "Rasch, Holger"]
[Result "1-0"]
[WhiteElo "2458"]
[BlackElo "2288"]
[PlyCount "69"]
[EventDate "2011.03.22"]
[EventType "swiss"]
[EventRounds "11"]
[EventCountry "FRA"]
[SourceTitle "CBM 142 Extra"]
[Source "ChessBase"]
[SourceDate "2011.06.27"]
[SourceVersion "1"]
[SourceVersionDate "2011.06.27"]
[SourceQuality "1"]

1. d4 Nf6 2. g3 c5 3. d5 e6 4. Nc3 exd5 5. Nxd5 Nxd5 6. Qxd5 d6 7. Nh3 Nc6 8. c3 Be7 9. Nf4 g5 10. Nh5 Rg8 11. Qe4 f5 12. Qd5 Rg6 13. h4 Qa5 14. hxg5 Be6 15. Qd1 0-0-0 16. Nf4 d5 17. Bd2 d4 18. Nxg6 hxg6 19. Bg2 dxc3 20. bxc3 Bxg5 21. f4 Bf6 22. Qc2 Rxd2 23. Kxd2 Nd4 24. Qb2 Nb5 25. Rhc1 Bc4 26. a4 Nd6 27. Ke1 Ba6 28. Kf2 Nc4 29. Qc2 Qc7 30. Rd1 Qe7 31. e4 g5 32. e5 gxf4 33. Qxf5+ Kc7 34. Qxf6 fxg3+ 35. Kxg3 1-0

[Event "EU-ch 12th"]
[Site "Aix les Bains"]
[Date "2011.03.26"]
[Round "5"]
[White "Kabanov, Nikolai"]
[Black "Rasch, Holger"]
[Result "1-0"]
[WhiteElo "2524"]
[BlackElo "2288"]
[PlyCount "141"]
[EventDate "2011.03.22"]
[EventType "swiss"]
[EventRounds "11"]
[EventCountry "FRA"]
[SourceTitle "CBM 142 Extra"]
[Source "ChessBase"]
[SourceDate "2011.06.27"]
[SourceVersion "1"]
[SourceVersionDate "2011.06.27"]
[SourceQuality "1"]

1. e4 c5 2. Nf3 e6 3. d3 Nc6 4. g3 Nf6 5. Bg2 d5 6. Nbd2 Be7 7. 0-0 b5 8. exd5 exd5 9. c4 Rb8 10. cxb5 Rxb5 11. d4 c4 12. Ne5 Nxd4 13. Nb1 Ne6 14. Nc6 Qc7 15. Nxe7 Kxe7 16. Nc3 Ra5 17. b4 cxb3 18. Qxb3 Rd8 19. Ba3+ Ke8 20. Bb4 Ra6 21. Nxd5 Nxd5 22. Bxd5 Rb6 23. a3 Rxd5 24. Qxd5 Bb7 25. Qd2 Rb5 26. Rac1 Qb6 27. Rfd1 Rd5 28. Qe3 Rxd1+ 29. Rxd1 Qc6 30. f3 Qxf3 31. Qxf3 Bxf3 32. Rd6 Bb7 33. a4 Nd8 34. a5 a6 35. Kf2 Nc6 36. Bc3 Ke7 37. Rd1 g6 38. Ke3 Bc8 39. Rb1 Kd6 40. Rb6 Kc5 41. Kf4 h6 42. h4 Kd5 43. Ke3 Kc5 44. Kf3 Kd5 45. Kg2 Kc5 46. Bd2 Kd5 47. Rb2 h5 48. Bc3 Bf5 49. Kf2 Bd3 50. Rb7 Ke6 51. Ke3 Bc4 52. Kf4 Ne7 53. Kg5 Nd5 54. Bd4 Bd3 55. Rb8 Bc4 56. Re8+ Kd7 57. Re1 Kc6 58. Bf6 Nxf6 59. Kxf6 Kb5 60. Re5+ Kc6 61. Ke7 Bb3 62. Re1 Ba2 63. Re2 Bd5 64. Rb2 Kc5 65. Rb6 Bc4 66. Kf6 Kd4 67. Rb4 Kc5 68. Rxc4+ Kxc4 69. Kxf7 Kb5 70. Kxg6 Kxa5 71. Kxh5 1-0

[Event "Oberliga Ost-B 1011"]
[Site "Germany"]
[Date "2011.01.16"]
[Round "5.3"]
[White "Rasch, Holger"]
[Black "Koch, Markus"]
[Result "0-1"]
[WhiteElo "2264"]
[BlackElo "2086"]
[PlyCount "66"]
[EventDate "2010.10.24"]
[EventType "team-tourn"]
[EventRounds "11"]
[EventCountry "GER"]
[SourceTitle "EXT 2012"]
[Source "ChessBase"]
[SourceDate "2011.11.24"]
[SourceVersion "1"]
[SourceVersionDate "2011.11.24"]
[SourceQuality "1"]
[WhiteTeam "Steinbach"]
[BlackTeam "Frankfurt BvK"]
[WhiteTeamCountry "GER"]
[BlackTeamCountry "GER"]

1. e4 c5 2. c3 d5 3. exd5 Qxd5 4. d4 Nf6 5. Nf3 e6 6. Na3 Qd8 7. Nc2 Be7 8. Bg5 cxd4 9. Ncxd4 0-0 10. Bd3 Nbd7 11. Qe2 a6 12. Rd1 Nc5 13. Bb1 Nd5 14. h4 Qc7 15. c4 Nf4 16. Qc2 f5 17. g3 e5 18. gxf4 exd4 19. Rxd4 Ne6 20. Rd1 Bb4+ 21. Kf1 h6 22. Bxh6 gxh6 23. Rg1+ Ng7 24. Ne5 Be6 25. Rg6 Rad8 26. Rxd8 Rxd8 27. Rxh6 Rd2 28. Qb3 Qc5 29. Qf3 Bxc4+ 30. Nxc4 Qxc4+ 31. Kg2 Bc5 32. Qxb7 Rxf2+ 33. Kh3 Qf1+ 0-1

[Event "Biel MTO op 43rd"]
[Site "Biel"]
[Date "2010.07.29"]
[Round "10"]
[White "Roiz, Michael"]
[Black "Rasch, Holger"]
[Result "1-0"]
[WhiteElo "2645"]
[BlackElo "2264"]
[PlyCount "95"]
[EventDate "2010.07.19"]
[EventType "swiss"]
[EventRounds "11"]
[EventCountry "SUI"]
[SourceTitle "CBM 137 Extra"]
[Source "ChessBase"]
[SourceDate "2010.09.01"]
[SourceVersion "1"]
[SourceVersionDate "2010.09.01"]
[SourceQuality "1"]

1. Nf3 c5 2. c4 Nf6 3. Nc3 e6 4. g3 b6 5. Bg2 Bb7 6. 0-0 Be7 7. d4 cxd4 8. Qxd4 d6 9. Rd1 a6 10. Bg5 Nbd7 11. Qd2 0-0 12. Bf4 Ne8 13. Rac1 Qc7 14. b3 Rc8 15. Bg5 Nef6 16. Bf4 Ne8 17. Ne1 Bxg2 18. Nxg2 Qb7 19. Qd3 Rd8 20. Ne1 Nef6 21. Qf3 Qxf3 22. Nxf3 Nc5 23. Nd2 Rc8 24. Be3 Rfd8 25. f3 Ncd7 26. g4 h6 27. h4 Ne8 28. g5 hxg5 29. hxg5 g6 30. Nde4 b5 31. cxb5 d5 32. Nf2 Ba3 33. bxa6 Bxc1 34. Rxc1 Nb8 35. a7 Nc6 36. Nb5 d4 37. Bd2 Nd6 38. Nxd6 Rxd6 39. Ne4 Rdd8 40. a8Q Rxa8 41. Rxc6 Rxa2 42. Kf2 d3 43. exd3 Rxd3 44. Rc8+ Kg7 45. Ke2 Rd5 46. Ke3 Ra3 47. Bc3+ e5 48. Nf6 1-0

[Event "Biel MTO op 43rd"]
[Site "Biel"]
[Date "2010.07.24"]
[Round "7"]
[White "Rasch, Holger"]
[Black "Gleizerov, Evgeny"]
[Result "0-1"]
[WhiteElo "2264"]
[BlackElo "2573"]
[PlyCount "68"]
[EventDate "2010.07.19"]
[EventType "swiss"]
[EventRounds "11"]
[EventCountry "SUI"]
[SourceTitle "CBM 137 Extra"]
[Source "ChessBase"]
[SourceDate "2010.09.01"]
[SourceVersion "1"]
[SourceVersionDate "2010.09.01"]
[SourceQuality "1"]

1. e4 e6 2. d4 d5 3. e5 c5 4. c3 Nc6 5. Nf3 Bd7 6. a3 Nge7 7. b4 cxd4 8. cxd4 Nf5 9. Bb2 b5 10. g4 Nh4 11. Nbd2 Nxf3+ 12. Nxf3 Qb6 13. Bc3 a5 14. Rb1 axb4 15. axb4 Be7 16. Bd3 0-0 17. 0-0 Ra3 18. Qd2 Rc8 19. Rfc1 g6 20. Be2 Rca8 21. Kg2 Ra2 22. Rc2 Rxc2 23. Qxc2 Qc7 24. Qd2 Na7 25. Ne1 Nc8 26. Nd3 Nb6 27. Nc5 Nc4 28. Qc1 Bc6 29. Kg3 Ra2 30. Bd3 Qd8 31. f4 Bh4+ 32. Kh3 Bf2 33. g5 Be3 34. Qf1 Rf2 0-1

[Event "Oberliga Ost-B 0910"]
[Site "Germany"]
[Date "2010.04.11"]
[Round "11.4"]
[White "Rasch, Holger"]
[Black "Boehmer, Christian"]
[Result "1/2-1/2"]
[WhiteElo "2282"]
[BlackElo "2184"]
[PlyCount "57"]
[EventDate "2009.10.18"]
[EventType "team-tourn"]
[EventRounds "11"]
[EventCountry "GER"]
[SourceTitle "EXT 2011"]
[Source "ChessBase"]
[SourceDate "2010.11.26"]
[SourceVersion "1"]
[SourceVersionDate "2010.11.26"]
[SourceQuality "1"]
[WhiteTeam "Steinbach"]
[BlackTeam "Moerlenbach"]
[WhiteTeamCountry "GER"]
[BlackTeamCountry "GER"]

1. e4 d6 2. d4 Nf6 3. Nc3 g6 4. f3 Bg7 5. Be3 Nbd7 6. Qd2 e5 7. d5 0-0 8. h4 Nh5 9. Bb5 f5 10. exf5 gxf5 11. Nge2 Ndf6 12. 0-0-0 a6 13. Bd3 c5 14. dxc6 bxc6 15. Bc5 Be6 16. Bxf5 Bxf5 17. Bxd6 Be6 18. g4 Nf4 19. Nxf4 exf4 20. Rhe1 Re8 21. Qxf4 Nd5 22. Nxd5 Bxd5 23. Be5 Rf8 24. Qh2 Bxe5 25. Rxe5 Qf6 26. Rf5 Qe6 27. Re5 Qf6 28. Rf5 Qe6 29. Re5 1/2-1/2